| 000 | 01030cam a2200277 i 4500 | ||
|---|---|---|---|
| 001 | 42285 | ||
| 003 | Mx-PuUPA | ||
| 005 | 20251105102657.0 | ||
| 008 | 140415s2013 ag a gr 000 0 spa d | ||
| 020 | _a9789871297481 | ||
| 040 |
_cMx-PuUPA _aMx-PuUPA _bspa _dMx-PuUPA _erda |
||
| 041 | 0 | _aspa | |
| 100 | 1 |
_aGinestra, Emmanuel, _eautor _917659 |
|
| 245 | 1 | 0 |
_aAtomismo y eucaristía : _bun problema, una solución / _cEmmanuel Ginestra |
| 264 | 1 |
_aCiudad Autónoma de Buenos Aires, República Argentina : _bEditorial Epifanía, _c2013 |
|
| 300 |
_a121 páginas : _bilustraciones ; _c20 cm |
||
| 336 |
_2rdacontent _atexto _btxt |
||
| 337 |
_2rdamedia _asin medio _bn |
||
| 338 |
_2rdacarrier _avolumen _bnc |
||
| 490 | 0 | _aCiencia y religión en diálogo | |
| 505 | 0 |
_aIncluye traducción de: _tPiccolo omaggio della scienza alla divina eucaristia / _rFrancesco Faà di Bruno. |
|
| 650 | 7 |
_2armarc _aCiencia y religión _913986 |
|
| 942 |
_2ddc _cLI _h261.55 _iG42 |
||
| 999 |
_c42285 _d42285 |
||